| 000 | 00600nam a2200229Ia 4500 | ||
|---|---|---|---|
| 003 | OSt | ||
| 005 | 20230426111343.0 | ||
| 008 | 210423s2011 xx 000 0 und d | ||
| 020 | _a9788183763141 | ||
| 040 | _cAL | ||
| 041 | _aeng | ||
| 082 |
_a338.9 SINE _223 |
||
| 100 |
_aSINGH (Raman) _993178 |
||
| 245 | _aEconomic development and planning | ||
| 260 |
_aNew Delhi _bA B D Publishers _c2011 |
||
| 300 |
_avi,304 _bPB |
||
| 365 |
_b1195 _cINR |
||
| 650 |
_aEconomics _993179 |
||
| 650 |
_aEconomics of Development _993180 |
||
| 906 | _adevelopment ; Economic ; planning | ||
| 942 |
_2ddc _cBK |
||
| 999 |
_c161692 _d161692 |
||